| 000 | 00900nam a22001937a 4500 | ||
|---|---|---|---|
| 008 | 100621t xxu||||| |||| 00| 0 eng d | ||
| 082 |
_222 _a218.89 _bب ش ر |
||
| 100 |
_914964 _aالبشرى،يسرى عبد الغنى |
||
| 245 |
_aالمسلمون المنسيون _cيسرى عبد الغنى البشرى |
||
| 260 |
_aالرياض: _bمكتبة الساعى، _c[1989]. |
||
| 300 |
_a160ص. _c24سم. |
||
| 500 | _aإهداء من الدكتور علاء عبد الغنى | ||
| 650 |
_914968 _aاقليات اسلامية |
||
| 650 |
_914969 _aالمسلمون فى أسيا |
||
| 650 |
_914971 _aمسلمون فى افريقيا |
||
| 650 |
_914972 _aالمسلمون فى الغرب |
||
| 942 |
_2ddc _cBB |
||
| 999 |
_c14142 _d14142 |
||